00742cam a22002417a 4500003000500000005001700005008004100022010001000063011001000073035001000083040000900093082001400102100002300116245006500139260008500204300001000289490005400299650001700353650003000370700002300400700002300423830005400446CHAP20220329141421.0971013s1987 r 00010 d a67804 a68776 a78250 cCHAP a631.5bG300aGarrett, Patricia. 0aInterview guide for the regional analysis of farming systems aIIthaca, N. Y. :bNew York State College of Agriculture and Life Sciences,c1987 a90 p. 0aCornell International agriculture Monographv; 1114aEntrevistas.14aSistemas de producción.0 aCampbell, Carolyn.0 aUquillas, Jorge E.0 aCornell International agriculture Monographv; 11